000 00532nam a2200229Ia 4500
008 210210b1956 xxu||||| |||| 00| 0 eng d
041 _aeng
082 _a383/9
100 _aADLER (Max K)
245 _aModern market research: a guide for business executive
260 _aLondon
_b-
_c1956
300 _aix,158
650 _aresearch:
650 _aModern
650 _amarket
650 _aguide
650 _afor
650 _aexecutive
650 _abusiness
690 _aMarketing Management
906 _a005204
999 _c125047
_d125047